000 00812nam a2200229 a 4500
001 48178
003 BD-RjUL
005 20211209054456.0
008 160813r20052002ii ||||| |||| 00| 0 ben d
020 _a8177562665
_c: Tk.100.00
035 _a(BD-RjUL)48297
040 _aBD-RjUL
_bben
_cBD-RjUL
_dBD-RjUL
041 _aben
082 _223
_a891.444
_bCHG 2005
100 _aচক্রবর্তী, সুধীর
_9145745
245 1 0 _aগভীর নির্জন পথে /
_cসুধীর চক্রবর্তী,
260 _aকলকাতা :
_bআনন্দ,
_c২০০২[মুদ্রণ ২০০৫]
300 _a২৪৩ পৃ. ;
_c২৫ সেমি.
650 _aবাংলা প্রবন্ধ
_9145746
650 _aBengali Essays
_9145747
942 _2ddc
_cBK
999 _c48178
_d48178